01391cam a2200361 a 450000100100000000500170001000800410002702000320006802000180010002000150011802000180013304000130015104100130016408200140017724500590019126000560025030000490030649000180035550002130037350500770058652100530066353400290071659000810074565000280082665000160085465000090087065000130087965000230089265000340091565000350094970000300098499900150101400009331120200120224314.0050131r20121991ag a br 000 0 spa d a9789501180879 (colección) a9789501108989 a9501108988 a9789581414048 aBibloRed1 aspaheng04a591.522100aAnimales del zoológicoctraducción de Olga Colella aBuenos AiresaBogotábSigmarbPlaza y Janesc2012 a19 páginasbilustraciones en colorc22 cm.0 aAbre tus ojos aLos ejemplares de ISBN colombiano 9789581414048 pertenecen a la edición especial, Colección para la Primera Infancia del Ministerio de Cultura. Plan Nacional de Lectura y Escritura Leer es mi Cuento. 20120 tElefantetCamellotMonotCebratPapagayotTigretSerpientetPingüíno aRecomendado para niños de 5 años en adelante tEye openers- Zoo animals aInventariado por la Biblioteca San Cristóbal - San Blas (UEL) Placa 00301214aAnimales de zoológico14aMamíferos14aAves14aReptiles14aAnimales nocturnos14aLibros y lectura para niños14aLibros ilustrados para niños aColella, Olgaetraductora c8924d8924